| 000 | 01330cam a2200277 a 4500 | ||
|---|---|---|---|
| 005 | 20220527135452.0 | ||
| 008 | 120227s2012 nju bd 001 0 eng | ||
| 020 |
_a9780691154916 (pbk. : alk. paper) _c3247.00 |
||
| 040 | _bEnglish | ||
| 082 | 0 | 0 |
_a803 _bGRE |
| 245 | 0 | 4 |
_aThe Princeton encyclopedia of poetry and poetics _cRoland Greene, editor in chief ; Stephen Cushman, general editor ; Clare Cavanagh, Jahan Ramazani, Paul Rouzer, associate editors ; Harris Feinsod, David Marno, Alexandra Slessarev, assistant editors |
| 250 | _a4th ed | ||
| 260 |
_aPrinceton _bPrinceton University Press _cc2012. |
||
| 300 | _axxxvi, 1639 p. | ||
| 500 | _aRev. ed. of : The Princeton encyclopedia of poetry and poetics / Alex Preminger and T.V.F. Brogan, co-editors ; Frank J. Warnke, O.B. Hardison, Jr., and Earl Miner, associate editors. 1993. | ||
| 504 | _aIncludes bibliographical references and index. | ||
| 650 | 0 |
_aPoetry _vDictionaries. |
|
| 650 | 0 |
_aPoetics _vDictionaries. |
|
| 650 | 0 |
_aPoetry _xHistory and criticism. |
|
| 700 | 1 |
_aGreene, Roland _d1957- _4ed. |
|
| 700 | 1 |
_aCushman, Stephen _d1956- _4ed. |
|
| 850 |
_aLCLIB _bPG |
||
| 906 |
_a7 _bcbc _corignew _d1 _eecip _f20 _gy-gencatlg |
||
| 942 | _cBK | ||
| 999 |
_c39116 _d89595 |
||